<?xml version="1.0" encoding="UTF-8"?>
<record
    xmlns:xsi="http://www.w3.org/2001/XMLSchema-instance"
    xsi:schemaLocation="http://www.loc.gov/MARC21/slim http://www.loc.gov/standards/marcxml/schema/MARC21slim.xsd"
    xmlns="http://www.loc.gov/MARC21/slim">

  <leader>01582nam a2200313   4500</leader>
  <controlfield tag="001">12</controlfield>
  <controlfield tag="003">OSt</controlfield>
  <controlfield tag="005">20250207103209.0</controlfield>
  <controlfield tag="008">250120b        |||||||g |||| 00| 0 eng d</controlfield>
  <datafield tag="020" ind1=" " ind2=" ">
    <subfield code="a">8586796077</subfield>
  </datafield>
  <datafield tag="040" ind1=" " ind2=" ">
    <subfield code="b">por.</subfield>
  </datafield>
  <datafield tag="041" ind1=" " ind2=" ">
    <subfield code="h">eng</subfield>
    <subfield code="a">por</subfield>
  </datafield>
  <datafield tag="082" ind1=" " ind2=" ">
    <subfield code="a">920</subfield>
    <subfield code="b">A339c</subfield>
  </datafield>
  <datafield tag="100" ind1="1" ind2=" ">
    <subfield code="a">Albom, Mitch,</subfield>
    <subfield code="d">1958-</subfield>
    <subfield code="9">15</subfield>
  </datafield>
  <datafield tag="240" ind1=" " ind2=" ">
    <subfield code="a">Tuesdays with Morrie</subfield>
  </datafield>
  <datafield tag="245" ind1=" " ind2=" ">
    <subfield code="a">A &#xFA;ltima grande li&#xE7;&#xE3;o -</subfield>
    <subfield code="b">O sentido da Vida /</subfield>
    <subfield code="c">Albom, Mitch ; Tradu&#xE7;&#xE3;o Jos&#xE9; J. Veiga</subfield>
  </datafield>
  <datafield tag="250" ind1=" " ind2=" ">
    <subfield code="a">22&#xB0; edi&#xE7;&#xE3;o</subfield>
  </datafield>
  <datafield tag="260" ind1=" " ind2=" ">
    <subfield code="a">Rio de Janeiro </subfield>
    <subfield code="b">Sextante</subfield>
    <subfield code="c">1998</subfield>
  </datafield>
  <datafield tag="300" ind1=" " ind2=" ">
    <subfield code="a">183 p.</subfield>
  </datafield>
  <datafield tag="520" ind1=" " ind2=" ">
    <subfield code="a">Cada um de n&#xF3;s teve na juventude uma figura especial que, com paci&#xEA;ncia, afeto e sabedoria, nos ajudou a descobrir dimens&#xF5;es mais profundas e a escolher nossos caminhos com maior liberdade. Para Mitch Albom, esta pessoa foi Morrie Schwartz, seu professor na universidade. Vinte anos depois, Mitch reencontra Morrie, nos &#xFA;ltimos meses da vida de seu velho mestre, acometido de uma doen&#xE7;a terminal. Durante quatorze encontros, eles tratam de temas fundamentais para a felicidade e realiza&#xE7;&#xE3;o humana. &#xC9; uma li&#xE7;&#xE3;o de esperan&#xE7;a sobre o sentido da exist&#xEA;ncia, em que a experi&#xEA;ncia e reflex&#xE3;o s&#xE3;o transmitidas de forma simples e comovente, que transformou a vida do autor e, que ele quis registrar como uma d&#xE1;diva de Morrie para o mundo.</subfield>
  </datafield>
  <datafield tag="650" ind1=" " ind2="0">
    <subfield code="a">Literatura Americana</subfield>
    <subfield code="9">84</subfield>
  </datafield>
  <datafield tag="650" ind1=" " ind2="0">
    <subfield code="a">Drama</subfield>
    <subfield code="9">18</subfield>
  </datafield>
  <datafield tag="650" ind1=" " ind2="0">
    <subfield code="a">Auto Conhecimento</subfield>
    <subfield code="9">19</subfield>
  </datafield>
  <datafield tag="650" ind1=" " ind2="0">
    <subfield code="a">Educa&#xE7;&#xE3;o </subfield>
    <subfield code="9">20</subfield>
  </datafield>
  <datafield tag="650" ind1=" " ind2="0">
    <subfield code="a">Li&#xE7;&#xE3;o de Vida</subfield>
    <subfield code="9">21</subfield>
  </datafield>
  <datafield tag="655" ind1=" " ind2="0">
    <subfield code="a">Biografia </subfield>
    <subfield code="9">36</subfield>
  </datafield>
  <datafield tag="700" ind1=" " ind2=" ">
    <subfield code="e">Tradutor</subfield>
    <subfield code="a">Jos&#xE9; J. Veiga</subfield>
  </datafield>
  <datafield tag="942" ind1=" " ind2=" ">
    <subfield code="2">ddc</subfield>
    <subfield code="n">0</subfield>
    <subfield code="c">BK</subfield>
  </datafield>
  <datafield tag="952" ind1=" " ind2=" ">
    <subfield code="0">0</subfield>
    <subfield code="1">0</subfield>
    <subfield code="2">ddc</subfield>
    <subfield code="4">0</subfield>
    <subfield code="7">0</subfield>
    <subfield code="8">NFIC</subfield>
    <subfield code="a">BIBIB</subfield>
    <subfield code="b">BIBIB</subfield>
    <subfield code="c">LE</subfield>
    <subfield code="d">2016-05-03</subfield>
    <subfield code="e">doa&#xE7;&#xE3;o</subfield>
    <subfield code="l">0</subfield>
    <subfield code="o">920 / A339c</subfield>
    <subfield code="p">2025-15277</subfield>
    <subfield code="r">2025-01-20 08:34:18</subfield>
    <subfield code="w">2025-01-20</subfield>
    <subfield code="y">BK</subfield>
  </datafield>
  <datafield tag="999" ind1=" " ind2=" ">
    <subfield code="c">12</subfield>
    <subfield code="d">12</subfield>
  </datafield>
</record>
